000 00649nam a22002057a 4500
008 121002t2010 nju|||||d|||| 00| 0 eng d
020 _a0470484837
020 _a9780470484838
082 _a330.0112
_bECO
245 _aEconomics of Strategy /
_cDavid Besanko [et al...]
250 _a5th ed.
260 _aHoboken, NJ :
_bJohn Wiley & Sons,
_c2010
300 _axxv, 593 p. :
_b ill. ;
_c26 cm.
504 _aIncludes bibliographical references and index
650 _aStrategic planning
_xEconomic aspects
_931033
653 _bEco
_cOctober2012
650 _92351
_aManagerial economics
700 _aBesanko, David
_931034
942 _2ddc
_cNB
999 _c17047
_d17019